000 01362cam a22003857a 4500
003 CHAP
005 20220817041056.0
008 971013s1991 r 00010 d
010 _a5882
011 _a6854
035 _a6077
040 _cCHAP
090 _aFolleto 13904
100 0 0 _aGasa, José.
_947202
245 0 _aCriterios de utilización de subproductos agroindustriales en la alimentación de rumiantes
260 _aMadrid :
_bMinisterio de Agricultura, Pesca y Alimentación,
_c1991
300 _a24 p.
_b: ilus.
490 0 _aHojas divulgadoras
_v; 13/91
500 _a60-24
590 _aBATCH-UPD
_b10
_c20130110
_lUCH01
_h0118
590 _aBATCH-UPD
_b10
_c20130110
_lUCH01
_h0850
590 _aBATCH-UPD
_b10
_c20130409
_lUCH01
_h2111
590 _aBATCH-UPD
_b10
_c20130410
_lUCH01
_h0522
590 _aBATCH-UPD
_b10
_c20130914
_lUCH01
_h1319
590 _aCONVERSION
_b10
_c20130109
_lUCH01
_h1304
650 1 4 _aAlimentos y alimentacion del ganado.
_94326
650 1 4 _aProductos agrícolas
_xSubproductos.
_992033
650 1 4 _aRumiantes
_xAlimentación.
710 0 _aEspaña. Ministerio de Agricultura, Pesca y Alimentación.
_937712
830 0 _aHojas divulgadoras
_v; 13/91
901 _aBK
942 _cFOLL
949 _aFolleto 13904
_bBC
_cFOLL
_d-15677
_eTS1
_i6077
_si
949 _aFolleto 13904
_bBC
_cFOLL
_d60772
_eTS2
_fc.2
_i6077
_si
999 _c5882
_d5882